| 000 | 004620000a22001930004500 | ||
|---|---|---|---|
| 001 | 001386 | ||
| 003 | MACL | ||
| 005 | 20151017120536.0 | ||
| 008 | 151017b xxu||||| |||| 00| 0 eng d | ||
| 040 |
_aMACL _cMACL |
||
| 041 | _aEnglish | ||
| 082 | _a920/MAN | ||
| 100 |
_aMane, Laxman _915568 |
||
| 245 |
_aUpara _bAn Outsider _cLaxman Mane |
||
| 260 |
_aNew Delhi _c1997 _bSahitya Akademi, |
||
| 350 | _a100 | ||
| 650 |
_aBiography _915569 |
||
| 942 |
_k920 _cBK _2ddc |
||
| 999 |
_c1381 _d1381 |
||